000
00263nam a2200109Ia 4500
008
190912s9999||||xx |||||||||||||| ||und||
100
_a
H. Craig Petersen
245
0
_a
Managerial Economics
260
_a
New Jersey
_b
McGraw Hill
_c
1994
300
_a
664
942
_c
BK
999
_c
7837
_d
7837